[Event "GRE-ch U16 Attiki"]
[Site "Peristeri"]
[Date "2022.06.27"]
[Round "4"]
[White "Bouras, Antonios"]
[Black "Minadakis, Andreas Marios"]
[Result "0-1"]
[WhiteElo "1463"]
[BlackElo "1677"]
[PlyCount "100"]
[EventDate "2022.06.24"]
[EventType "swiss"]
[EventRounds "7"]
[EventCountry "GRE"]
[SourceTitle "EXT 2023"]
[Source "ChessBase"]
[SourceDate "2022.10.05"]
[SourceVersion "1"]
[SourceVersionDate "2022.10.05"]
[SourceQuality "1"]

1. d4 d5 2. c4 c6 3. Nf3 Nf6 4. Qc2 dxc4 5. Qxc4 Bf5 6. g3 e6 7. Bg2 Nbd7 8. 0-0 Be7 9. Nc3 0-0 10. Bf4 Rc8 11. Qb3 Qb6 12. Qxb6 Nxb6 13. Nh4 Bg6 14. Nxg6 hxg6 15. e4 Nh5 16. Be3 Nc4 17. e5 g5 18. Ne4 Nxe3 19. fxe3 f5 20. exf6 gxf6 21. g4 Ng7 22. Nc5 Bxc5 23. dxc5 f5 24. h3 Rcd8 25. Rad1 fxg4 26. Rxf8+ Rxf8 27. hxg4 Ne8 28. Rd7 Rf7 29. Rxf7 Kxf7 30. Kf2 Kf6 31. Ke2 Ke5 32. Kd3 Nf6 33. Bf3 Nd5 34. a3 a5 35. Bg2 Nf6 36. Bf3 a4 37. Bd1 Nd7 38. Kc4 Ke4 39. Bxa4 Ne5+ 40. Kc3 Nxg4 41. Bb3 e5 42. Be6 Nxe3 43. Bc8 g4 44. Bxb7 g3 45. Bxc6+ Nd5+ 46. Kc4 Ke3 47. Bxd5 e4 48. c6 g2 49. c7 g1Q 50. c8Q Qc1+ 0-1

[Event "GRE-ch Schools Lykeia"]
[Site "Athen"]
[Date "2022.06.13"]
[Round "8"]
[White "Bouras, Antonios"]
[Black "Liapis, Nikolaos Ap"]
[Result "1-0"]
[WhiteElo "1463"]
[BlackElo "1256"]
[PlyCount "61"]
[EventDate "2022.06.12"]
[EventType "swiss"]
[EventRounds "9"]
[EventCountry "GRE"]
[SourceTitle "EXT 2023"]
[Source "ChessBase"]
[SourceDate "2022.10.05"]
[SourceVersion "1"]
[SourceVersionDate "2022.10.05"]
[SourceQuality "1"]

1. d4 Nf6 2. c4 e6 3. g3 d5 4. Nf3 c6 5. Bg2 Bd6 6. 0-0 0-0 7. Qc2 b6 8. Nfd2 Nbd7 9. Nc3 Bb7 10. e4 dxe4 11. Ndxe4 Nxe4 12. Nxe4 Nf6 13. Nxd6 Qxd6 14. Rd1 Rfd8 15. Bf4 Qe7 16. c5 Ne8 17. Rac1 b5 18. a4 b4 19. a5 Rac8 20. Bf1 Nf6 21. a6 Ba8 22. Qa4 Nd5 23. Bd2 Rb8 24. Rc4 b3 25. Bg2 Rb5 26. Rcc1 Qf6 27. Ba5 Rdb8 28. Bf1 Rb4 29. Bxb4 Rxb4 30. Qa5 Rxd4 31. Rxd4 1-0